00831nam a2200205 i 4500003000900000005001700009006001900026007000300045008004100048040003000089082001400119245009200133246009900225264008600324300002700410336002700437337003300464338002800497500010000525DO-SdBNP20230815135634.0a||||gr|||| 00| 0 ta230815e199? dr ||||| |||| 00| 0 spa d aDO-SdBNPbspacBNPHUerda 4222bB533m10aManual de los comités de damas de los clubes rotarios. /cCarmen Berrios de Contreras aManual de los comités de damas de los clubes rotarios:brotario 4060. gobernación 1996-97. 1aSan Francisco de Macorís, República Dominicana :bRotary Internacional,c1997 a36 páginas ;c19 cm. 2rdacontentatextobtxt 2rdamediaasin mediaciónbn 2rdacarrieravolumenbnc aLema de RI (Rotary International) para 1966-97: Construyamos el futuro con Acción y Visión.